000 00473nam a2200193Ia 4500
005 20250603145208.0
008 250603s9999 xx 000 0 und d
020 _a9789386286536
050 _aQD 381 .S56/
100 _aSingh, N.B
245 0 _aIntroduction to polymer science and technology
250 _a2nd ed.
260 _aNew Delhi
260 _bNew Age International Publishers
260 _c2017
300 _a242 p
650 _aNew Delhi
942 _cBK
999 _c41150
_d41150